Reflexiones sobre la despenalización del aborto /
Guardado en:
| Hovedforfatter: | |
|---|---|
| Format: | Texto |
| Tags: |
Tilføj Tag
Ingen Tags, Vær først til at tagge denne postø!
|
MARC
| LEADER | 00000 a a2200000 04500 | ||
|---|---|---|---|
| 001 | 45309 | ||
| 003 | |||
| 040 | |||
| 100 | |a Morfín Otero, María Guadalupe | ||
| 245 | |a Reflexiones sobre la despenalización del aborto / |c María Guadalupe Morfín Otero | ||
| 773 | |g volumen26, número302 ( , 2007), páginas 39-42 | ||
| 999 | |c 36427 |d 36427 | ||
